00537nam a2200193 a 4500001001300000003000900013005001700022008004100039020001000080082001700090100002600107245005000133260004600183300000800229500003500237505003200272650001300304700002600317nice12345678IN_TiNIC20260116012154.0050524s1955 hyda grp 000 0 urd  ac10000a297.831bJAM aJamiyyat-E-Mahdavia,  aNaqliyat-E-Hazrat Bandagi Miyan Abdur Rasheed aHyderabadbJamiyyat-E-Mahdaviationsc1955 a64p aincludes index and biblioraphy2 athree parts of first volume aMahdavia1 aJamiyyat-E-Mahdavia,